000
00245nam a22000977a 4500
008
260413b |||||||| |||| 00| 0 eng d
020
_a
9789352750986
100
_a
Pilkey Dav
_9
7862
245
_a
Dog Man Unleashed
260
_a
India
_b
Scholastic
_c
2024
999
_c
12857
_d
12857